Trh s luxusným tovarom a vnímanie značiek
Pojem luxus. Vzťah luxus a trh s luxusným tovarom Vnímanie značiek spojených s luxusom. Desať najväčších spoločností na trhu s luxusným tovarom.
Salvato in:
| Autore principale: | |
|---|---|
| Altri autori: | |
| Natura: | Capitolo di libro |
| Lingua: | slovacco |
| Soggetti: | |
| Tags: |
Nessun Tag, puoi essere il primo ad aggiungerne!!
|
MARC
| LEADER | 00000naa a2200000 4500 | ||
|---|---|---|---|
| 001 | 0238498 | ||
| 005 | 20240502073848.0 | ||
| 041 | 0 | |a slo | |
| 044 | |a SK | ||
| 245 | 1 | 0 | |a Trh s luxusným tovarom a vnímanie značiek |c Jozef Gajdoš, Katarína Petrovčíková |
| 520 | |a Pojem luxus. Vzťah luxus a trh s luxusným tovarom Vnímanie značiek spojených s luxusom. Desať najväčších spoločností na trhu s luxusným tovarom. | ||
| 610 | 2 | 0 | |a značky |
| 610 | 2 | 0 | |a tovar luxusný |
| 610 | 2 | 0 | |a pojmy |
| 610 | 2 | 0 | |a história |
| 610 | 2 | 0 | |a kvalita |
| 100 | 1 | |a Gajdoš, Jozef, 1962-2025 | |
| 700 | 1 | |a Petrovčiková, Katarína, 1977- | |